zpět

Detail výsledku týmu

A-Sport, Hradec Králové

Datum a čas kvízu

29 Celkem bodů Celkový počet nahraných bodů na tomto kvízu bez doplňovacích otázek.
8. Pořadí na kvízu Konečné umístění týmu na tomto kvízu.

Zaznamenané odpovědi

# Otázka Odpověď Body Výsledky
1. V minulých dnech bylo v médiíc... Pavel Tuleja 1
2. Švýcarský výrobce nožů Victori... nebude obsahovat nožík/čepel 0
3. Pod kterým pseudonymem působí... Nemo 1
4. Objem daňových nedoplatků za l... Česká správa sociálního zabezpečení 0
5. Po dvanáctidenní plavbě dovezl... Marseille 1
6. Podíváme se do zemí či krajů,... Muž z Acapulca 0
7. Ve filmu Tři veteráni ztvárnil... B 0
8. Brobdingnag, Laputa, Balnibarb... Gulliverovy cesty, Jonathan Swift 1
9. Přiřaďte tyto postavy z knižní... 1C 2B 3D 4A 1
10. Děj které humoristické novely... Rozmarné léto 0